Villes les plus proches de Francfort - Statistiques

Statistiques générales
  • Ce quiz a été pris 48 fois
  • Le résultat moyen est 20 sur 30
Statistiques - réponses
km city miles % Correct
305 Munich 189
100%
478 Paris 297
98%
424 Berlin 263
93%
393 Hambourg 244
93%
318 Bruxelles 197
91%
364 Amsterdam 226
88%
153 Cologne 95
88%
672 Copenhague 418
88%
598 Vienne 372
88%
184 Dortmund-Essen
La Ruhr
114
86%
562 Lyon 349
84%
411 Prague 255
84%
183 Dusseldorf 114
77%
638 Londres 397
77%
357 Rotterdam 222
74%
153 Stuttgart 95
74%
305 Zurich 189
72%
799 Marseille 497
70%
519 Milan 322
70%
566 Turin 352
70%
403 Lille 251
65%
263 Hanovre 163
56%
416 Leipsic 259
51%
326 Anvers 203
47%
71 Mannheim 44
37%
781 Birmingham 485
28%
757 Katowice 458
5%
788 Sheffield 489
5%
719 Southampton 447
5%
751 Nottingham 466
2%
Aucun quiz correspondant
Distribution des résultats
% des personnes avec chaque résultat
Percentile par nombre de réponses
Votre historique - résultats
Vous n’avez pas pris ce quiz